00865nam a2200217Ii 450000100060000000300090000600800410001504000330005604100080008908200180009710000260011524500720014126401270021330000120034033600260035233700280037833800270040694000510043399900170048495201460050110198CO-ViMGA241108s9999||||xx |||||||||||||| ||und|| aCO-ViMGAbspaerdacCO-ViMGA0 aunk04a759.9861-C6571 aJ.G Cobo Borda95517410aJuan Antonio Roda. Grabados 1971-1976 :bRoda un barroco subversivo 1a[Lugar de publicación no identificado] : Talleres Litográficos de Impresores, [Fecha de publicación no identificada] avolumen atextbtxt2rdacontent aunmediatedbn2rdamedia avolumebnc2rdacarrier aidficha_siabuc: 9969. -- ficha_no_siabuc:10198 c52601d52601 001040708001aMEVIGERRbMEVIGERRcGENd2006-11-27hVol.1o759.9861-C657pECA10780r2024-11-26 10:09:19tEj.1w2024-11-26yBKz9969 | 13516